000 00262nam a2200097Ia 4500
001 998003
005 20250826221534.0
008 250824s9999 xx 000 0 und d
245 0 _aDAHİLER SINIFI/STEPHEN HAWKİNG/N5
_cACOBO OLİVERİ
260 _bDOMİNGO YAYINLARI
999 _c998003
_d998003